| 000 | 00840nam a2200265Ia 4500 | ||
|---|---|---|---|
| 003 | OSt | ||
| 005 | 20221006144107.0 | ||
| 006 | a|||||r|||| 00| 0 | ||
| 007 | ta | ||
| 008 | 221006b |||||||| |||| 00| 0 eng d | ||
| 020 |
_a8170303114 _c280.00 |
||
| 024 | _a10,854 | ||
| 037 | _cTextual | ||
| 040 |
_aEASL _cEASL _beng |
||
| 041 |
_2eng _aeng |
||
| 082 | _aQ4.N90, N1 | ||
| 100 | _aSUTTON Florin Giripescu | ||
| 245 | 0 |
_aExistence and enlightenment in the Lankavatara-Sutra _b A study in the ontology and epistemology of the Yogacara school of Mahayana Buddhism |
|
| 260 |
_aDelhi _bSri Sat Guru Publications _c1991 |
||
| 300 |
_a371p. _ccm. |
||
| 490 |
_v Gen _aBibliotheca Indo-Buddhica Series No.106 |
||
| 650 | _aGen | ||
| 942 |
_hQ4.N90, N1 _cTEXL _2CC |
||
| 999 |
_c1078940 _d1078940 |
||